[Event "Biel ATO op 54th"]
[Site "Biel"]
[Date "2021.07.30"]
[Round "5"]
[White "Vora, Tanish"]
[Black "Moerwald, Miriam"]
[Result "1/2-1/2"]
[WhiteElo "1895"]
[BlackElo "1743"]
[PlyCount "83"]
[EventDate "2021.07.26"]
[EventType "swiss"]
[EventRounds "9"]
[EventCountry "SUI"]
[SourceTitle "EXT 2022"]
[Source "ChessBase"]
[SourceDate "2021.10.06"]
[SourceVersion "1"]
[SourceVersionDate "2021.10.06"]
[SourceQuality "1"]

1. e4 e6 2. d4 d5 3. exd5 exd5 4. Nf3 Bd6 5. c4 Nf6 6. Nc3 dxc4 7. Bxc4 0-0 8. 0-0 Nc6 9. Bg5 h6 10. Bh4 Bg4 11. Ne4 Be7 12. Bxf6 Bxf6 13. d5 Ne5 14. Be2 Bxf3 15. Bxf3 Nxf3+ 16. Qxf3 Be5 17. Rad1 Re8 18. b3 Bxh2+ 19. Kxh2 Qh4+ 20. Kg1 Qxe4 21. Qc3 Qf4 22. Rd4 Qf6 23. Rc4 Qxc3 24. Rxc3 Rac8 25. Rfc1 Kf8 26. Rxc7 Re1+ 27. Rxe1 Rxc7 28. Kh2 Rd7 29. Rd1 Ke7 30. Kg3 Kd6 31. Kf4 Re7 32. Rd4 a6 33. a4 Re2 34. Kf3 Re5 35. Rb4 Re7 36. Re4 Rd7 37. Rd4 Ke5 38. Rg4 g6 39. Rh4 Rxd5 40. Rb4 Rd7 41. Rb6 Kd5 42. a5 1/2-1/2

[Event "Biel ATO op 54th"]
[Site "Biel"]
[Date "2021.07.27"]
[Round "2"]
[White "Briand, Amaury"]
[Black "Moerwald, Miriam"]
[Result "1-0"]
[WhiteElo "2014"]
[BlackElo "1743"]
[PlyCount "57"]
[EventDate "2021.07.26"]
[EventType "swiss"]
[EventRounds "9"]
[EventCountry "SUI"]
[SourceTitle "EXT 2022"]
[Source "ChessBase"]
[SourceDate "2021.10.06"]
[SourceVersion "1"]
[SourceVersionDate "2021.10.06"]
[SourceQuality "1"]

1. e4 e6 2. d3 d5 3. Nd2 c5 4. Ngf3 Nf6 5. g3 Nc6 6. Bg2 Be7 7. 0-0 0-0 8. Re1 Qc7 9. Qe2 b6 10. e5 Nd7 11. Nf1 Ba6 12. Bf4 Rae8 13. h4 Bd8 14. h5 Qb8 15. h6 g6 16. Bh3 Bc7 17. Qe3 Bc8 18. c3 d4 19. cxd4 cxd4 20. Nxd4 Ndxe5 21. Nb5 f6 22. d4 Nc4 23. Bxc7 Nxe3 24. Bxb8 Nc2 25. Bd6 Nxe1 26. Rxe1 Rf7 27. d5 a6 28. dxe6 Rb7 29. Bg2 1-0

[Event "AUT-ch U18 Girls Online Rapid"]
[Site "Playchess.com INT"]
[Date "2020.12.13"]
[Round "3"]
[White "Moerwald, Miriam"]
[Black "Weingraber, Lena"]
[Result "1-0"]
[WhiteElo "1528"]
[BlackElo "1496"]
[PlyCount "65"]
[EventDate "2020.12.13"]
[EventType "tourn (rapid)"]
[EventRounds "6"]
[EventCountry "AUT"]
[SourceTitle "EXT 2022"]
[Source "ChessBase"]
[SourceDate "2021.10.06"]
[SourceVersion "1"]
[SourceVersionDate "2021.10.06"]
[SourceQuality "1"]

1. e4 c5 2. Nf3 d6 3. d4 cxd4 4. Nxd4 Nf6 5. Nc3 a6 6. h4 e5 7. Nb3 Be7 8. Be2 Be6 9. f4 exf4 10. Bxf4 0-0 11. Qd2 b5 12. Bf3 Ra7 13. Be3 Rd7 14. 0-0-0 b4 15. Nd5 Bxd5 16. exd5 a5 17. g4 a4 18. Nd4 Qa5 19. Nf5 Rc8 20. g5 Rxc2+ 21. Qxc2 Rc7 22. Nxe7+ Kf8 23. Nc6 Nxc6 24. dxc6 Ne8 25. Qc4 b3 26. axb3 axb3 27. Qxb3 g6 28. h5 Qf5 29. Rhf1 Qe5 30. Bd5 Kg8 31. Bxf7+ Rxf7 32. Qxf7+ Kh8 33. Qf8# 1-0

[Event "AUT-ch U18 Girls Online Rapid"]
[Site "Playchess.com INT"]
[Date "2020.12.13"]
[Round "6"]
[White "Weingraber, Lena"]
[Black "Moerwald, Miriam"]
[Result "0-1"]
[WhiteElo "1496"]
[BlackElo "1528"]
[PlyCount "54"]
[EventDate "2020.12.13"]
[EventType "tourn (rapid)"]
[EventRounds "6"]
[EventCountry "AUT"]
[SourceTitle "EXT 2022"]
[Source "ChessBase"]
[SourceDate "2021.10.06"]
[SourceVersion "1"]
[SourceVersionDate "2021.10.06"]
[SourceQuality "1"]

1. c4 Nf6 2. Nf3 e6 3. g3 d5 4. cxd5 exd5 5. Bg2 c6 6. 0-0 Bd6 7. Nc3 0-0 8. a3 a5 9. b3 Re8 10. Bb2 Bg4 11. h3 Bxf3 12. Bxf3 h5 13. h4 Qc7 14. Kg2 Nbd7 15. Rc1 Qd8 16. e3 g6 17. Rg1 Ne5 18. Be2 Qd7 19. Na4 Qc7 20. Nc3 Qd8 21. d3 Neg4 22. Bf3 Bxg3 23. Rh1 Nxf2 24. Qg1 Nxh1 25. Kxh1 Bc7 26. Ne2 Qd7 27. Bxf6 Qh3+ 0-1

[Event "AUT-chT District U18 Online Rapid"]
[Site "Playchess.com INT"]
[Date "2020.12.12"]
[Round "3"]
[White "Peyrer, Konstantin"]
[Black "Moerwald, Miriam"]
[Result "1-0"]
[WhiteElo "2244"]
[BlackElo "1555"]
[PlyCount "53"]
[EventDate "2020.12.12"]
[EventType "team-swiss (rapid)"]
[EventRounds "9"]
[EventCountry "AUT"]
[SourceTitle "EXT 2022"]
[Source "ChessBase"]
[SourceDate "2021.10.06"]
[SourceVersion "1"]
[SourceVersionDate "2021.10.06"]
[SourceQuality "1"]

1. Nf3 Nf6 2. g3 e6 3. Bg2 d5 4. 0-0 Nbd7 5. c4 Be7 6. b3 c5 7. cxd5 exd5 8. d4 0-0 9. Bb2 Nb6 10. dxc5 Bxc5 11. Na3 Re8 12. Rc1 Bf8 13. Nb5 Bd6 14. Nxd6 Qxd6 15. Nd4 a6 16. Qd3 Bg4 17. h3 Bd7 18. Rc2 Rac8 19. Rfc1 Qe7 20. e3 Ne4 21. Rxc8 Rxc8 22. Rxc8+ Nxc8 23. Qc2 Qe8 24. Qc7 Ncd6 25. Ba3 Qe7 26. Bxe4 Ne8 27. Bxe7 1-0

[Event "AUT-ch U18 Girls Online Blitz"]
[Site "Playchess.com INT"]
[Date "2020.12.11"]
[Round "1"]
[White "Moerwald, Miriam"]
[Black "Moerwald, Magdalena"]
[Result "1/2-1/2"]
[WhiteElo "1522"]
[BlackElo "1767"]
[PlyCount "62"]
[EventDate "2020.12.11"]
[EventType "tourn (blitz)"]
[EventRounds "6"]
[EventCountry "AUT"]
[SourceTitle "EXT 2022"]
[Source "ChessBase"]
[SourceDate "2021.10.06"]
[SourceVersion "1"]
[SourceVersionDate "2021.10.06"]
[SourceQuality "1"]

1. e4 c6 2. d4 d5 3. exd5 cxd5 4. Bd3 Nc6 5. c3 Nf6 6. h3 g6 7. Nf3 Bf5 8. 0-0 Bxd3 9. Qxd3 Bg7 10. Re1 0-0 11. Bf4 e6 12. Nbd2 Rc8 13. Rad1 Nd7 14. Nf1 Nb6 15. Ne5 Nxe5 16. Bxe5 Nc4 17. Bxg7 Kxg7 18. Re2 Qb6 19. b3 Nd6 20. Rc1 Nf5 21. Rd2 Rc7 22. Ne3 Nxe3 23. Qxe3 Rfc8 24. Rdc2 Qd6 25. Qd3 a6 26. Qe2 b5 27. Qe5+ Qxe5 28. dxe5 f6 29. f4 fxe5 30. fxe5 h5 31. Kf2 a5 1/2-1/2

[Event "AUT-ch U18 Girls Online Blitz"]
[Site "Playchess.com INT"]
[Date "2020.12.11"]
[Round "3"]
[White "Moerwald, Miriam"]
[Black "Weingraber, Lena"]
[Result "1-0"]
[WhiteElo "1517"]
[BlackElo "1620"]
[PlyCount "71"]
[EventDate "2020.12.11"]
[EventType "tourn (blitz)"]
[EventRounds "6"]
[EventCountry "AUT"]
[SourceTitle "EXT 2022"]
[Source "ChessBase"]
[SourceDate "2021.10.06"]
[SourceVersion "1"]
[SourceVersionDate "2021.10.06"]
[SourceQuality "1"]

1. e4 c5 2. Nf3 d6 3. d4 cxd4 4. Nxd4 Nf6 5. Nc3 a6 6. h4 e5 7. Nf3 h6 8. Bc4 Be6 9. Qd3 Be7 10. Bd2 Nbd7 11. Bxe6 fxe6 12. 0-0-0 Rc8 13. Qe2 b5 14. Rde1 b4 15. Nd1 a5 16. Nh2 Qc7 17. Ne3 Nxe4 18. Qh5+ Kd8 19. Re2 Nef6 20. Qg6 Bf8 21. Rd1 d5 22. Be1 d4 23. Neg4 h5 24. Nxf6 Nxf6 25. f4 exf4 26. Rxe6 Qxc2+ 27. Qxc2 Rc3 28. bxc3 bxc3 29. Rxd4+ Kc8 30. Qxc3+ Kb7 31. Qb3+ Bb4 32. Rxb4+ axb4 33. Qxb4+ Kc7 34. Qb6+ Kd7 35. Qc6+ Kd8 36. Ba5# 1-0

[Event "EU-ch Online U18 Girls"]
[Site "Tornelo INT"]
[Date "2020.09.18"]
[Round "2"]
[White "Chatzipanagiotou, Asimenia"]
[Black "Moerwald, Miriam"]
[Result "0-1"]
[WhiteElo "1591"]
[BlackElo "1743"]
[PlyCount "118"]
[EventDate "2020.09.18"]
[EventType "swiss (rapid)"]
[EventRounds "9"]
[EventCountry "ENG"]
[SourceTitle "CBM 198 Extra"]
[Source "ChessBase"]
[SourceDate "2020.11.30"]
[SourceVersion "1"]
[SourceVersionDate "2020.11.30"]
[SourceQuality "1"]

1. e4 e6 2. d4 d5 3. exd5 exd5 4. Nf3 Bd6 5. c4 Nf6 6. Nbd2 0-0 7. Be2 Nc6 8. 0-0 Bf5 9. b3 Re8 10. Re1 Nb4 11. Bf1 Nc2 12. Rxe8+ Qxe8 13. Nh4 Nxd4 14. Nxf5 Nxf5 15. cxd5 Qe5 16. Nf3 Qxa1 17. Qc2 Nd4 18. Nxd4 Qxd4 19. Bb2 Qf4 20. g3 Qg5 21. Bd3 Qh6 22. Bc1 Qh3 23. Bf5 Ng4 24. f3 Qxh2+ 25. Qxh2 Nxh2 26. Kxh2 Re8 27. Be4 g6 28. Bd2 f5 29. Bd3 Rf8 30. Kg2 f4 31. g4 g5 32. Bf5 Kf7 33. Bxh7 Re8 34. Be4 Ke7 35. Bc3 Bc5 36. Be5 Bd6 37. Bd4 b6 38. Kf2 Bc5 39. Bxc5+ bxc5 40. Ke2 Kd6 41. Kd3 Rh8 42. Kc4 a6 43. Kc3 Rh2 44. a3 Ra2 45. a4 Ra1 46. Kb2 Rh1 47. Kc3 Ke5 48. Kd3 Rg1 49. Kc3 Rc1+ 50. Kd2 Rg1 51. Kc3 Rxg4 52. Kc4 Rg1 53. Kxc5 Rc1+ 54. Kb4 g4 55. fxg4 Kxe4 56. Ka5 f3 57. g5 f2 58. g6 f1Q 59. g7 Qg1 0-1

[Event "EU-ch Online U18 Girls"]
[Site "Tornelo INT"]
[Date "2020.09.18"]
[Round "1"]
[White "Moerwald, Miriam"]
[Black "Golsta, Madara"]
[Result "0-1"]
[WhiteElo "1743"]
[BlackElo "1941"]
[PlyCount "66"]
[EventDate "2020.09.18"]
[EventType "swiss (rapid)"]
[EventRounds "9"]
[EventCountry "ENG"]
[SourceTitle "CBM 198 Extra"]
[Source "ChessBase"]
[SourceDate "2020.11.30"]
[SourceVersion "1"]
[SourceVersionDate "2020.11.30"]
[SourceQuality "1"]

1. e4 c5 2. Nf3 Nc6 3. d4 cxd4 4. Nxd4 g6 5. c4 Bg7 6. Be3 Nf6 7. Nc3 0-0 8. Be2 d6 9. 0-0 Bd7 10. Qd2 Nxd4 11. Bxd4 Bc6 12. f3 a5 13. b3 Nd7 14. Be3 Nc5 15. Rab1 Be5 16. Rfc1 e6 17. Bf1 Qh4 18. g3 Qh5 19. Bg2 f5 20. Rf1 Rf7 21. Rf2 Raf8 22. Rbf1 f4 23. Bd4 fxg3 24. hxg3 Bxg3 25. Bh1 Rf4 26. Rg2 Rh4 27. Rxg3 Rxh1+ 28. Kf2 Rh2+ 29. Rg2 Qh4+ 30. Ke3 Qf4+ 31. Ke2 Rxg2+ 32. Bf2 Qxf3+ 33. Ke1 Nd3+ 0-1

[Event "AUT-ch Vor1 Internet (Women)"]
[Site "Playchess.com INT"]
[Date "2020.05.30"]
[Round "9"]
[White "Goeschl, Ortrun"]
[Black "Moerwald, Miriam"]
[Result "1-0"]
[WhiteElo "1966"]
[BlackElo "1760"]
[PlyCount "71"]
[EventDate "2020.05.30"]
[EventType "swiss (blitz)"]
[EventRounds "9"]
[EventCountry "AUT"]
[SourceTitle "CBM 196 Extra"]
[Source "ChessBase"]
[SourceDate "2020.07.31"]
[SourceVersion "1"]
[SourceVersionDate "2020.07.31"]
[SourceQuality "1"]

1. Nc3 d5 2. e4 e6 3. Nf3 c5 4. exd5 exd5 5. Bb5+ Bd7 6. 0-0 d4 7. Bxd7+ Nxd7 8. Re1+ Be7 9. Nb5 Qb8 10. Qe2 a6 11. Na3 b5 12. c3 Qd6 13. d3 Ra7 14. cxd4 cxd4 15. Nc2 Nc5 16. Ncxd4 Nf6 17. Nf5 Qd8 18. Nxg7+ Kf8 19. Nf5 Nxd3 20. Rd1 Rd7 21. Bh6+ Kg8 22. Nxe7+ Rxe7 23. Qxd3 Qxd3 24. Rxd3 Ne8 25. Rd8 f6 26. Kf1 Kf7 27. Rad1 Rg8 28. R8d7 Rxd7 29. Rxd7+ Kg6 30. Bf4 h5 31. Bg3 Kf5 32. Nh4+ Kg4 33. h3+ Kg5 34. Ra7 f5 35. Rxa6 Rg7 36. Nf3# 1-0

[Event "AUT-ch Vor1 Internet (Women)"]
[Site "Playchess.com INT"]
[Date "2020.05.30"]
[Round "3"]
[White "Moerwald, Miriam"]
[Black "Stadlinger, Lea"]
[Result "1-0"]
[WhiteElo "1760"]
[BlackElo "1713"]
[PlyCount "27"]
[EventDate "2020.05.30"]
[EventType "swiss (blitz)"]
[EventRounds "9"]
[EventCountry "AUT"]
[SourceTitle "CBM 196 Extra"]
[Source "ChessBase"]
[SourceDate "2020.07.31"]
[SourceVersion "1"]
[SourceVersionDate "2020.07.31"]
[SourceQuality "1"]

1. e4 e5 2. Nf3 Nc6 3. Nc3 Nf6 4. Bb5 a6 5. Bxc6 dxc6 6. Nxe5 Qd4 7. Nf3 Qb4 8. d3 Bc5 9. a3 Qb6 10. 0-0 0-0 11. Na4 Qa7 12. Bg5 Ng4 13. d4 Bb6 14. c3 1-0

[Event "AUT-ch Vor1 Internet (Women)"]
[Site "Playchess.com INT"]
[Date "2020.05.30"]
[Round "5"]
[White "Moerwald, Miriam"]
[Black "Weingartner, Anna"]
[Result "1-0"]
[WhiteElo "1760"]
[BlackElo "939"]
[PlyCount "103"]
[EventDate "2020.05.30"]
[EventType "swiss (blitz)"]
[EventRounds "9"]
[EventCountry "AUT"]
[SourceTitle "CBM 196 Extra"]
[Source "ChessBase"]
[SourceDate "2020.07.31"]
[SourceVersion "1"]
[SourceVersionDate "2020.07.31"]
[SourceQuality "1"]

1. e4 e5 2. Nf3 Nc6 3. Nc3 Nf6 4. Bb5 Bc5 5. Nxe5 Nxe5 6. d4 Bxd4 7. Qxd4 Nc6 8. Qd3 0-0 9. 0-0 h6 10. Qg3 d6 11. Re1 Re8 12. Bf4 a6 13. Bc4 Be6 14. Nd5 Nd4 15. Rac1 b5 16. Bb3 c6 17. Nxf6+ Qxf6 18. Bxd6 Bxb3 19. cxb3 Rad8 20. e5 Qg5 21. Qxg5 hxg5 22. Rcd1 Nc2 23. Re2 f6 24. Rxc2 fxe5 25. Rcd2 e4 26. Bc5 Rxd2 27. Rxd2 g4 28. Be3 g6 29. Rd6 Rf8 30. Rxg6+ Kf7 31. Rxg4 Kf6 32. Rf4+ Kg7 33. Rxf8 Kxf8 34. h4 Kg7 35. g4 Kg6 36. Kg2 Kf6 37. h5 Kg7 38. h6+ Kh7 39. Kg3 Kg6 40. g5 Kh7 41. Kf4 Kg6 42. Kxe4 Kh7 43. f4 Kg6 44. f5+ Kh7 45. g6+ Kh8 46. f6 Kg8 47. f7+ Kh8 48. g7+ Kh7 49. f8Q Kg6 50. g8Q+ Kh5 51. Qf5+ Kh4 52. Qgg4# 1-0

[Event "AUT-ch Vor2 Internet"]
[Site "Playchess.com INT"]
[Date "2020.04.13"]
[Round "4"]
[White "Moerwald, Miriam"]
[Black "Galler, Alexander"]
[Result "1-0"]
[WhiteElo "1760"]
[BlackElo "1772"]
[PlyCount "53"]
[EventDate "2020.04.13"]
[EventType "swiss (blitz)"]
[EventRounds "9"]
[EventCountry "AUT"]
[SourceTitle "CBM 195 Extra"]
[Source "ChessBase"]
[SourceDate "2020.05.31"]
[SourceVersion "1"]
[SourceVersionDate "2020.05.31"]
[SourceQuality "1"]

1. e4 c5 2. Nf3 d6 3. d4 cxd4 4. Nxd4 Nf6 5. Nc3 a6 6. h4 h5 7. Bg5 Nc6 8. Qd2 e5 9. Nb3 Be7 10. 0-0-0 Be6 11. Bxf6 gxf6 12. Nd5 Bxd5 13. Qxd5 Rc8 14. Bc4 Rh7 15. Rhf1 Nb4 16. Qd2 Qb6 17. Qe2 Nxa2+ 18. Kb1 Nb4 19. f4 Qc6 20. Bd5 Qxc2+ 21. Qxc2 Rxc2 22. Bxb7 Rxg2 23. Rc1 Nd3 24. Rc8+ Kd7 25. Bxa6 Nxb2 26. Rd1 exf4 27. Nc5# 1-0

[Event "AUT-ch Vor2 Internet"]
[Site "Playchess.com INT"]
[Date "2020.04.13"]
[Round "7"]
[White "Steininger, Barbara"]
[Black "Moerwald, Miriam"]
[Result "1-0"]
[WhiteElo "1622"]
[BlackElo "1760"]
[PlyCount "79"]
[EventDate "2020.04.13"]
[EventType "swiss (blitz)"]
[EventRounds "9"]
[EventCountry "AUT"]
[SourceTitle "CBM 195 Extra"]
[Source "ChessBase"]
[SourceDate "2020.05.31"]
[SourceVersion "1"]
[SourceVersionDate "2020.05.31"]
[SourceQuality "1"]

1. d4 d5 2. c4 e6 3. Nc3 Nf6 4. Nf3 c6 5. Bg5 Be7 6. e3 0-0 7. Bd3 dxc4 8. Bxc4 b5 9. Bd3 a6 10. 0-0 Bb7 11. Rc1 Nbd7 12. Bxf6 Nxf6 13. Ne4 Rc8 14. Nc5 Bxc5 15. Rxc5 Nd5 16. a3 Qe7 17. Qc2 f6 18. Bxh7+ Kh8 19. Bg6 e5 20. Qe4 f5 21. Bxf5 Qf6 22. Bxc8 Bxc8 23. Qxe5 Qg6 24. Qg5 Qd6 25. Qh5+ Kg8 26. Ne5 Qf6 27. Rxd5 cxd5 28. Ng4 Bxg4 29. Qxg4 Qf5 30. Qxf5 Rxf5 31. Rc1 Rf7 32. Rc6 a5 33. Rc5 b4 34. Rxa5 Rc7 35. h3 Rc1+ 36. Kh2 Rc2 37. axb4 Rxb2 38. b5 Rxf2 39. b6 Ra2 40. Rxa2 1-0

[Event "AUT-ch Vor1 Internet"]
[Site "Playchess.com INT"]
[Date "2020.04.11"]
[Round "5"]
[White "Heinritz, Dietmar"]
[Black "Moerwald, Miriam"]
[Result "1-0"]
[WhiteElo "1887"]
[BlackElo "1760"]
[PlyCount "151"]
[EventDate "2020.04.11"]
[EventType "swiss (blitz)"]
[EventRounds "9"]
[EventCountry "AUT"]
[SourceTitle "CBM 195 Extra"]
[Source "ChessBase"]
[SourceDate "2020.05.31"]
[SourceVersion "1"]
[SourceVersionDate "2020.05.31"]
[SourceQuality "1"]

1. d4 d5 2. e4 e6 3. e5 c5 4. c3 Nc6 5. Nf3 Bd7 6. Bd3 cxd4 7. cxd4 Qb6 8. Bc2 Rc8 9. a3 Nge7 10. Nc3 Ng6 11. 0-0 Be7 12. g3 0-0 13. h4 Rfd8 14. h5 Nf8 15. Qd3 Na5 16. b4 Nc4 17. Na4 Qc7 18. Nc5 Bb5 19. Qb3 b6 20. Nd3 Nxa3 21. Rxa3 Qxc2 22. Qxc2 Rxc2 23. Rxa7 Bxd3 24. Rxe7 Bxf1 25. Bg5 Be2 26. Kg2 Bxf3+ 27. Kxf3 Rdc8 28. Rb7 R8c3+ 29. Kg2 Rc8 30. Rxb6 R2c4 31. Be3 Nd7 32. Rd6 Nb8 33. b5 Rb4 34. b6 Rb5 35. Bg5 Nc6 36. Be3 Rxb6 37. Rd7 h6 38. g4 Nb4 39. g5 Rbc6 40. g6 R6c7 41. gxf7+ Kf8 42. Rd6 Rc6 43. Rd7 R6c7 44. Rd6 Nd3 45. Rxe6 Ne1+ 46. Kf1 Nd3 47. Ke2 Nb4 48. Rb6 Rxf7 49. Rxb4 Rc2+ 50. Kd3 Rc6 51. Rb8+ Ke7 52. Rb7+ Ke6 53. Rb8 Ra6 54. Rd8 Ra3+ 55. Ke2 Rc7 56. Rd6+ Ke7 57. Rxd5 Rc2+ 58. Kf3 Rc6 59. Ke4 Re6 60. Rb5 Raa6 61. Rb7+ Kf8 62. d5 Ra4+ 63. Kf5 Re8 64. Bc5+ Kg8 65. e6 Rf8+ 66. Ke5 Rh4 67. Bxf8 Rxh5+ 68. Kd6 Kxf8 69. Rf7+ Kg8 70. Rf4 g5 71. e7 g4 72. e8Q+ Kg7 73. Qxh5 Kh8 74. Rxg4 Kh7 75. Qg6+ Kh8 76. Qg8# 1-0

[Event "AUT-ch U18 Girls"]
[Site "Sankt Veit an der Glan"]
[Date "2019.04.16"]
[Round "5"]
[White "Pribozic, Sabrina"]
[Black "Moerwald, Miriam"]
[Result "1-0"]
[WhiteElo "1520"]
[BlackElo "1704"]
[PlyCount "47"]
[EventDate "2019.04.14"]
[EventType "swiss"]
[EventRounds "7"]
[EventCountry "AUT"]
[SourceTitle "CBM 190 Extra"]
[Source "ChessBase"]
[SourceDate "2019.07.15"]
[SourceVersion "1"]
[SourceVersionDate "2019.07.15"]
[SourceQuality "1"]

1. e4 e5 2. Nf3 d6 3. Bc4 Be7 4. 0-0 Nf6 5. d3 0-0 6. c3 c6 7. Bb3 Bg4 8. Be3 Nbd7 9. h3 Bh5 10. Nbd2 d5 11. Re1 Re8 12. Bc2 Bf8 13. g4 Bg6 14. Bg5 Qc7 15. Nf1 h5 16. Bxf6 Nxf6 17. g5 Nd7 18. Ng3 f6 19. Nh4 fxg5 20. Nxg6 Bc5 21. Qxh5 Nf6 22. Qxg5 Qf7 23. d4 dxe4 24. Bb3 1-0

[Event "AUT-chT (Women) 1819"]
[Site "Austria"]
[Date "2019.03.31"]
[Round "7.3"]
[White "Moerwald, Miriam"]
[Black "Tarmastin, Laura"]
[Result "0-1"]
[WhiteElo "1690"]
[BlackElo "1871"]
[PlyCount "86"]
[EventDate "2018.11.17"]
[EventType "team-swiss"]
[EventRounds "7"]
[EventCountry "AUT"]
[SourceTitle "CBM 189 Extra"]
[Source "ChessBase"]
[SourceDate "2019.06.03"]
[SourceVersion "1"]
[SourceVersionDate "2019.06.03"]
[SourceQuality "1"]
[WhiteTeam "Wulkaprodersdorf (W)"]
[BlackTeam "St Veit/Glan (W)"]
[WhiteTeamCountry "AUT"]
[BlackTeamCountry "AUT"]

1. e4 e5 2. Nf3 Nc6 3. Bb5 a6 4. Ba4 Nf6 5. 0-0 Be7 6. Re1 b5 7. Bb3 0-0 8. c3 d6 9. h3 Na5 10. Bc2 c5 11. d4 Qc7 12. Nbd2 Rd8 13. d5 Bf8 14. Nf1 g6 15. Bg5 Bg7 16. Ng3 b4 17. cxb4 cxb4 18. Rc1 Nb7 19. Ba4 Qa5 20. Be3 Bd7 21. Bxd7 Nxd7 22. Qc2 Nbc5 23. Qb1 Qb5 24. Red1 a5 25. Nd2 a4 26. Nc4 Bf8 27. f3 Rdc8 28. b3 axb3 29. axb3 Ra6 30. Qb2 Rca8 31. Rc2 Be7 32. Nh1 f5 33. Nf2 f4 34. Bd2 Nb6 35. Be1 Nbd7 36. Nd3 Nxd3 37. Rxd3 Ra1 38. Rc1 Rxc1 39. Qxc1 Nc5 40. Rd1 Nxb3 41. Qc2 Nd4 42. Qd3 Rc8 43. Rc1 b3 0-1